| 000 | 003070000a22000970004500 | ||
|---|---|---|---|
| 100 | 1 | _aDirksen, P. B. | |
| 245 | 1 | 0 | _aWhy was David disqualifed as temple builder?. The meaning of 1 Chronicles 22.8 |
| 300 | _aNúm 70 (1996), Páginas 51-56 | ||
| 773 | 0 | _tJournal for the Study of the Old Testament | |
| 942 | _cANA | ||
| 999 |
_c54622 _d54622 |
||